000 00585nam a2200217Ia 4500
003 OSt
005 20221007071941.0
006 a|||||r|||| 00| 0
007 ta
008 221006b |||||||| |||| 00| 0 eng d
024 _a24,876
037 _cReports / Technical Reports
040 _aFLL
_cFLL
_beng
041 _2eng
_aeng
082 _aZ3,3.N65t, L5
245 0 _aLaw commission
260 _aLondon
_bMajesty's Stationery Office U.K.
_c1975
300 _a71p
_ccm.
942 _hZ3,3.N65t, L5
_cREP
_2CC
999 _c1144761
_d1144761